<?xml version="1.0" encoding="UTF-8"?>
<record
    xmlns:xsi="http://www.w3.org/2001/XMLSchema-instance"
    xsi:schemaLocation="http://www.loc.gov/MARC21/slim http://www.loc.gov/standards/marcxml/schema/MARC21slim.xsd"
    xmlns="http://www.loc.gov/MARC21/slim">

  <leader>02591ngm a22004097a 4500</leader>
  <controlfield tag="005">20160714123631.0</controlfield>
  <controlfield tag="007">vc aa  ak</controlfield>
  <controlfield tag="008">160712t20062002mx 100|| |||| 00| mleng d</controlfield>
  <datafield tag="028" ind1=" " ind2=" ">
    <subfield code="a">509662240159</subfield>
  </datafield>
  <datafield tag="050" ind1="0" ind2="4">
    <subfield code="a">PN1995.9.P674 </subfield>
    <subfield code="b">P37 2006</subfield>
  </datafield>
  <datafield tag="245" ind1="0" ind2="0">
    <subfield code="a">Paseando con los hombres de las cavernas </subfield>
    <subfield code="c"> / productor ejecutivo y director Richard Dale ; producci&#xF3;n Mark Hedgecoe</subfield>
    <subfield code="h">[videograbaci&#xF3;n] </subfield>
  </datafield>
  <datafield tag="246" ind1="2" ind2="1">
    <subfield code="a">Walking with cavemen cavemen </subfield>
    <subfield code="h">[videograbaci&#xF3;n] </subfield>
  </datafield>
  <datafield tag="260" ind1=" " ind2=" ">
    <subfield code="a"> London , BBC Worldwide , M&#xE9;xico :</subfield>
    <subfield code="b">distribuido por Tycoon Entertainmment Group ;</subfield>
    <subfield code="c">c2006</subfield>
  </datafield>
  <datafield tag="300" ind1=" " ind2=" ">
    <subfield code="a">1 DVD (100 min.)</subfield>
    <subfield code="b">sonido., color. </subfield>
    <subfield code="c">4 3/4 plg.</subfield>
  </datafield>
  <datafield tag="500" ind1=" " ind2=" ">
    <subfield code="a">Documental</subfield>
  </datafield>
  <datafield tag="500" ind1=" " ind2=" ">
    <subfield code="a">Producido originalmente en 2003 por la BBC</subfield>
  </datafield>
  <datafield tag="500" ind1=" " ind2=" ">
    <subfield code="a">"RTC DVD-8738"</subfield>
  </datafield>
  <datafield tag="508" ind1=" " ind2=" ">
    <subfield code="a">productor ejecutivo y director Richard Dale ; producci&#xF3;n Mark Hedgecoe</subfield>
  </datafield>
  <datafield tag="511" ind1=" " ind2=" ">
    <subfield code="a">  Efectos especiales Tim Goodchild. M&#xFA;sica Alan Parker, Productor de la serie Peter  Georgi </subfield>
  </datafield>
  <datafield tag="520" ind1=" " ind2=" ">
    <subfield code="a">"La historia comienza al este de &#xC1;frica cuando los simios comenzaron a caminar en 2 piernas. Cuatro millones de a&#xF1;os despu&#xE9;s, media docena de diferentes especies de humanos habitaban &#xC1;frica, pero eventualmente el Homo Erectus domin&#xF3; el mundo y fue el primer Hombre-Simio que coloniz&#xF3; el planeta. &#xBF;C&#xF3;mo hicieron nuestros ancestros para inventar el lenguaje y las herramientas, crear arte o imaginar el futuro? De los creadores de "Paseando con Dinosaurios" y "Paseando con animales Prehist&#xF3;ricos", BBC presenta este periodo perdido en la historia de nuestro planeta, investigando nuestro &#xE1;rbol geneal&#xF3;gico hasta llegar al Australopitecus Afarensis, el primero que se irgui&#xF3; sobre 2 piernas. Podemos ser testigos de los primeros indicios de razonamiento, de la compasi&#xF3;n, la amistad y el amor; observar los primeros entierros de cad&#xE1;veres humanos; ir hasta la era del hielo en Europa con los Neandertanles tratando de dominar al mundo, finalmente derrotados por el Homo Sapiens.."--Envase</subfield>
  </datafield>
  <datafield tag="521" ind1=" " ind2=" ">
    <subfield code="a">Clasificaci&#xF3;n A</subfield>
  </datafield>
  <datafield tag="538" ind1=" " ind2=" ">
    <subfield code="a">DVD, Regiones 1 y 4</subfield>
  </datafield>
  <datafield tag="546" ind1=" " ind2=" ">
    <subfield code="a">En ingl&#xE9;s y espa&#xF1;ol</subfield>
  </datafield>
  <datafield tag="650" ind1="0" ind2="4">
    <subfield code="a">Hombre </subfield>
    <subfield code="x">Or&#xED;gen</subfield>
  </datafield>
  <datafield tag="650" ind1="0" ind2="4">
    <subfield code="a">Hombre </subfield>
    <subfield code="x">Evoluci&#xF3;n</subfield>
  </datafield>
  <datafield tag="650" ind1="0" ind2="4">
    <subfield code="a">Neanderthal (Raza)</subfield>
  </datafield>
  <datafield tag="650" ind1="0" ind2="4">
    <subfield code="a">Cro-Magnons</subfield>
  </datafield>
  <datafield tag="650" ind1="0" ind2="4">
    <subfield code="a">Homo erectus</subfield>
  </datafield>
  <datafield tag="650" ind1="0" ind2="4">
    <subfield code="a">Hombre prehist&#xF3;rico</subfield>
  </datafield>
  <datafield tag="650" ind1="0" ind2="4">
    <subfield code="a">Antropolog&#xED;a prehist&#xF3;rica</subfield>
  </datafield>
  <datafield tag="700" ind1="1" ind2=" ">
    <subfield code="a">Dale, Richard  </subfield>
    <subfield code="e">productor ejecutivo y director</subfield>
  </datafield>
  <datafield tag="700" ind1="1" ind2=" ">
    <subfield code="a">Hedgecoe, Mark </subfield>
    <subfield code="e"> producci&#xF3;n</subfield>
  </datafield>
  <datafield tag="700" ind1="1" ind2=" ">
    <subfield code="a">Tim Goodchild.</subfield>
    <subfield code="e">Efectos especiales </subfield>
  </datafield>
  <datafield tag="700" ind1="1" ind2=" ">
    <subfield code="a"> Peter  Georgi</subfield>
    <subfield code="e">Productor de la serie</subfield>
  </datafield>
  <datafield tag="710" ind1="2" ind2=" ">
    <subfield code="a">British Broadcasting Corporation</subfield>
  </datafield>
  <datafield tag="942" ind1=" " ind2=" ">
    <subfield code="2">lcc</subfield>
    <subfield code="c">PEL</subfield>
  </datafield>
  <datafield tag="999" ind1=" " ind2=" ">
    <subfield code="c">118262</subfield>
    <subfield code="d">118262</subfield>
  </datafield>
  <datafield tag="952" ind1=" " ind2=" ">
    <subfield code="0">0</subfield>
    <subfield code="1">0</subfield>
    <subfield code="2">lcc</subfield>
    <subfield code="4">0</subfield>
    <subfield code="7">0</subfield>
    <subfield code="a">LIC-047</subfield>
    <subfield code="b">LIC-047</subfield>
    <subfield code="c">MA</subfield>
    <subfield code="d">2016-07-12</subfield>
    <subfield code="h">VBFP000142</subfield>
    <subfield code="l">1</subfield>
    <subfield code="o">PN1995.9.P674  P37 2006</subfield>
    <subfield code="p">VBFP000142</subfield>
    <subfield code="r">2021-04-29 00:00:00</subfield>
    <subfield code="s">2019-10-22</subfield>
    <subfield code="w">2016-07-12</subfield>
    <subfield code="y">PEL</subfield>
  </datafield>
</record>
